Statistiques concernant Culture cinématographique - Série 02

Cliquez ici pour prendre le quiz!

Statistiques générales

  • Ce quiz a été pris 283 fois
  • Le résultat moyen est 5 sur 10

Statistiques - réponses

QuestionRéponse% Correct
Quel acteur incarne "Forrest Gump" dans le film du même nom réalisé en 1994 par Robert Zemeckis ?Tom Hanks
94%
Qui est "Le bon (Blondin)" dans le film " Le bon, la brute et le truand" réalisé en 1966 par Sergio Leone ?Clint Eastwood
77%
Qui est "le parrain" dans le film du même nom réalisé en 1972 par Francis Ford Coppola ?Marlon Brando
73%
Qui incarne "Roger Thornhill" dans le film "La mort aux trouses" réalisé en 1959 par Alfred Hitchcock ?Cary Grant
53%
Qui incarne "L'homme à l'harmonica" dans le film "Il était une fois dans l'ouest" réalisé en 1968 par Sergio Leone ?Charles Bronson
46%
Quelle actrice incarne "Scarlett O'Hara" dans le film "Autant en emporte le vent" réalisé en 1939 par Victor Fleming et George Cukor ?Vivien Leigh
39%
Quel acteur incarne "Le rital" dans le film "Le rapace" réalisé en 1968 par José Giovanni ?Lino Ventura
38%
Qui est "La brute (Sentenza)" dans ce même film ?Lee Van Cleef
33%
Quel acteur incarne le "Capitaine de Boeldieu" dans le film "La grande illusion" réalisé en 1937 par Jean Renoir ?Pierre Fresnay
18%
Quel acteur incarne "L'inspecteur Javert" dans le film "Les Misérables" réalisé en 1957 par Jean-Paul Le Chanois ?Bernard Blier
16%

Distribution des résultats

Percentile par nombre de réponses

% des personnes avec chaque résultat

Votre développement - résultats

Vous n’avez pas pris ce quiz